[Event "27th Czech Open A 2016"]
[Site "Pardubice CZE"]
[Date "2016.07.22"]
[Round "1.68"]
[White "Semjonovs, Ilja"]
[Black "Kraus, Tomas"]
[Result "1/2-1/2"]
[BlackTitle "FM"]
[WhiteElo "2181"]
[BlackElo "2426"]
[WhiteFideId "11604263"]
[BlackFideId "331708"]
[EventDate "2016.07.22"]

1. e4 d6 2. d4 Nf6 3. Nc3 Nbd7 4. Be3 e5 5. f3 c6 6. a4 Be7 7. Qd2 O-O 8. Bc4
Re8 9. Nge2 exd4 10. Nxd4 d5 11. exd5 Nb6 12. Bb3 Bb4 13. O-O Nbxd5 14. Bg5 Qa5
15. Bxf6 Nxf6 16. Qd3 Rd8 17. Nce2 Bc5 18. Qc3 Qxc3 19. bxc3 Nd5 20. Bxd5 Rxd5
21. g4 Bd7 22. Kg2 Re8 23. Nf4 Rd6 24. Rad1 Bc8 25. Nb3 Rxd1 26. Rxd1 Be3 27.
Re1 Kf8 28. Nd3 f5 29. h3 fxg4 30. hxg4 Bb6 31. Rxe8+ Kxe8 32. c4 Be3 33. Kg3 g6
34. f4 h5 35. Ne5 Bxg4 36. Nxg4 hxg4 37. Na5 Bd2 38. Nxb7 Bb4 39. c5 Kd7 40.
Kxg4 Kc7 41. Nd6 Bxc5 42. Nc4 Be7 43. Ne5 Kb6 44. Nxg6 Bf6 45. Ne5 Ka5 46. Nxc6+
Kxa4 47. Nxa7 Kb4 48. Kf5 Bh4 49. Kg6 Kc3 50. Nc6 Bg3 51. f5 Bh4 52. Ne5 Kxc2
53. Nf3 Bd8 54. Ne5 Kb1 55. Kf7 Bg5 1/2-1/2

[Event "27th Czech Open A 2016"]
[Site "Pardubice CZE"]
[Date "2016.07.22"]
[Round "1.69"]
[White "Zwardon, Vojtech"]
[Black "Bartos, Jan"]
[Result "1-0"]
[WhiteTitle "IM"]
[BlackTitle "FM"]
[WhiteElo "2421"]
[BlackElo "2180"]
[WhiteFideId "325511"]
[BlackFideId "315060"]
[EventDate "2016.07.22"]

1. c4 e6 2. Nc3 d5 3. d4 Be7 4. cxd5 exd5 5. Nf3 c6 6. Bf4 Bf5 7. g3 Nf6 8. Bg2
Nbd7 9. O-O O-O 10. Ne5 Re8 11. Re1 Qb6 12. Na4 Qa5 13. a3 Nxe5 14. dxe5 Ne4 15.
b4 Qa6 16. h4 b5 17. Nb2 Rad8 18. Qc1 d4 19. g4 Bxh4 20. gxf5 Bxf2+ 21. Kf1 Bxe1
22. Qxe1 Nc3 23. Qg3 Nd5 24. f6 g6 25. Qg5 Nxf4 26. Qxf4 Kh8 27. Qh6 Rg8 28. Kf2 1-0

[Event "27th Czech Open A 2016"]
[Site "Pardubice CZE"]
[Date "2016.07.22"]
[Round "1.70"]
[White "Hoerr, Matthias"]
[Black "Domogaev, Sergey"]
[Result "0-1"]
[BlackTitle "GM"]
[WhiteElo "2180"]
[BlackElo "2419"]
[WhiteFideId "4681398"]
[BlackFideId "24103608"]
[EventDate "2016.07.22"]

1. e4 e5 2. Nc3 Nf6 3. g3 d5 4. exd5 Nxd5 5. Bg2 Nxc3 6. bxc3 Bd6 7. Nf3 O-O 8.
O-O Nc6 9. Re1 Bg4 10. d3 Qd7 11. Rb1 b6 12. Bb2 Rae8 13. Qe2 Kh8 14. Qe4 Nd8
15. Nd2 f5 16. Qc4 f4 17. d4 f3 18. Bh1 Be6 19. Qd3 Bf5 20. Ne4 Nf7 21. Bc1 Qa4
22. d5 Qxa2 23. Rb3 Bxe4 24. Qxe4 Bc5 25. Bb2 Nd6 26. Qg4 Qa6 27. Bxf3 Qc4 28.
Re2 e4 29. Bg2 Bxf2+ 30. Kh1 Qxd5 31. Rxf2 Rxf2 32. c4 Qf7 33. Kg1 Rxc2 0-1

[Event "27th Czech Open A 2016"]
[Site "Pardubice CZE"]
[Date "2016.07.22"]
[Round "1.71"]
[White "Bilguun, Sumiya"]
[Black "Hiller, Simon"]
[Result "1-0"]
[WhiteTitle "FM"]
[WhiteElo "2419"]
[BlackElo "2176"]
[WhiteFideId "4901541"]
[BlackFideId "24641308"]
[EventDate "2016.07.22"]

1. e4 c6 2. d4 d5 3. Nd2 dxe4 4. Nxe4 Bf5 5. Ng3 Bg6 6. h4 h6 7. Nf3 Nd7 8. h5
Bh7 9. Bd3 Bxd3 10. Qxd3 e6 11. Bd2 Ngf6 12. O-O-O Be7 13. Ne4 Nxe4 14. Qxe4 Nf6
15. Qd3 c5 16. Be3 O-O 17. Ne5 Qa5 18. Kb1 Rad8 19. Qe2 cxd4 20. Bxd4 Bc5 21.
Nc4 Qc7 22. Bxf6 gxf6 23. Nd2 Kh8 24. Qf3 Be7 25. Qe3 Kh7 26. Nb3 a6 27. a3
Rxd1+ 28. Rxd1 Rd8 29. Rxd8 Bxd8 30. g4 Qc4 31. Nd2 Qd5 32. c4 Qd6 33. Ka2 Kg7
34. f4 Bc7 35. Ne4 Qc6 36. b3 Bb6 37. Qd3 e5 38. fxe5 fxe5 39. Qd5 Qc7 40. c5
Ba7 41. b4 Bb8 42. Nd6 1-0

[Event "27th Czech Open A 2016"]
[Site "Pardubice CZE"]
[Date "2016.07.22"]
[Round "1.72"]
[White "Kozusek, Daniel"]
[Black "Nasuta, Grzegorz"]
[Result "1/2-1/2"]
[BlackTitle "IM"]
[WhiteElo "2175"]
[BlackElo "2417"]
[WhiteFideId "349500"]
[BlackFideId "1141686"]
[EventDate "2016.07.22"]

1. d4 Nf6 2. c4 g6 3. g3 Bg7 4. Bg2 d5 5. Nf3 dxc4 6. O-O O-O 7. Na3 Nc6 8. Nxc4
Be6 9. b3 Bd5 10. Bb2 a5 11. a4 Qc8 12. e3 Rd8 13. Qe2 h6 14. Rfd1 Qe6 15. Rac1
Ne4 1/2-1/2

[Event "27th Czech Open A 2016"]
[Site "Pardubice CZE"]
[Date "2016.07.22"]
[Round "1.73"]
[White "Vokac, Marek"]
[Black "Burnett, Andrew"]
[Result "1/2-1/2"]
[WhiteTitle "GM"]
[BlackTitle "FM"]
[WhiteElo "2415"]
[BlackElo "2174"]
[WhiteFideId "300101"]
[BlackFideId "2400855"]
[EventDate "2016.07.22"]

1. c4 e5 2. Nf3 Nc6 3. Nc3 g6 4. d4 exd4 5. Nxd4 Bg7 6. Nc2 d6 7. g3 Ne5 8. Ne3
h5 9. Bg2 h4 10. f4 Nc6 11. Ned5 a6 12. Be3 Nh6 13. Qd2 O-O 14. c5 h3 15. Bf3
Nf5 16. cxd6 Nxe3 17. Qxe3 cxd6 18. Qb6 Nd4 19. O-O-O Nxf3 20. exf3 Bxc3 21.
bxc3 Be6 22. Qxd8 Raxd8 23. Rhe1 Bxd5 24. Rxd5 Rc8 25. Re3 Rfe8 26. Rxe8+ Rxe8
27. Kd2 Re6 28. g4 Rf6 29. Ke3 Kf8 30. Rd4 Re6+ 31. Kf2 d5 32. Rxd5 Rc6 33. Rd3
Rc4 34. Kg3 b5 35. Re3 Ra4 36. Re2 Rc4 37. Kxh3 Rxf4 38. Kg3 Rc4 39. Re3 Ra4 1/2-1/2

[Event "27th Czech Open A 2016"]
[Site "Pardubice CZE"]
[Date "2016.07.22"]
[Round "1.74"]
[White "Lomakin, Viktor"]
[Black "Padmini, Rout"]
[Result "1-0"]
[BlackTitle "IM"]
[WhiteElo "2173"]
[BlackElo "2415"]
[WhiteFideId "14101920"]
[BlackFideId "5029295"]
[EventDate "2016.07.22"]

1. d4 Nf6 2. c4 e6 3. Nf3 d5 4. e3 c6 5. Bd3 Bd6 6. b3 Nbd7 7. Bb2 Qe7 8. Ne5
Nxe5 9. dxe5 Bb4+ 10. Nd2 Nd7 11. O-O O-O 12. a3 Ba5 13. Qc2 g6 14. b4 Bc7 15.
f4 dxc4 16. Bxc4 a5 17. Ne4 axb4 18. axb4 Rxa1 19. Rxa1 Qxb4 20. Ba3 Qa5 21. Qc1
Re8 22. Bc5 Qxc5 23. Nxc5 Nxc5 24. Ra8 Bd7 25. Rxe8+ Bxe8 26. Be2 Bb6 27. Qb1
Nd7 28. Kf2 h5 29. Bf3 f6 30. exf6 Kf7 31. Qb2 Bd8 32. Qxb7 Kxf6 33. Qb2+ Ke7
34. Bxc6 Nc5 35. Qg7+ Bf7 36. Kf3 1-0

[Event "27th Czech Open A 2016"]
[Site "Pardubice CZE"]
[Date "2016.07.22"]
[Round "1.75"]
[White "Mohammad, Nubairshah Shaikh"]
[Black "Petr, Jan1"]
[Result "1-0"]
[WhiteElo "2415"]
[BlackElo "2173"]
[WhiteFideId "5053196"]
[BlackFideId "305154"]
[EventDate "2016.07.22"]

1. d4 Nf6 2. c4 c5 3. d5 b5 4. cxb5 a6 5. bxa6 e6 6. Nc3 Nxd5 7. Nxd5 exd5 8.
Qxd5 Nc6 9. e3 Be7 10. Bd2 O-O 11. Bc3 Qb6 12. Nf3 Bxa6 13. Qxd7 Bf6 14. Bxf6
gxf6 15. Bxa6 Qxa6 16. Qd6 Qc4 17. Qxc6 Rxa2 18. Rxa2 Qc1+ 19. Ke2 Qc4+ 20. Kd2
Rd8+ 21. Nd4 1-0

[Event "27th Czech Open A 2016"]
[Site "Pardubice CZE"]
[Date "2016.07.22"]
[Round "1.76"]
[White "Martinkus, Rolandas"]
[Black "Yankelevich, Lev"]
[Result "1/2-1/2"]
[WhiteTitle "FM"]
[WhiteElo "2172"]
[BlackElo "2415"]
[WhiteFideId "12800481"]
[BlackFideId "24684074"]
[EventDate "2016.07.22"]

1. Nf3 d5 2. g3 c6 3. Bg2 Bg4 4. Ne5 Bf5 5. c4 Nd7 6. Nxd7 Qxd7 7. cxd5 cxd5 8.
Nc3 Nf6 9. Qb3 d4 10. Qxb7 Qxb7 11. Bxb7 Rb8 12. Bc6+ Bd7 13. Bxd7+ Kxd7 14. Nd1
e5 15. f3 Nd5 16. Nf2 Bd6 17. e4 dxe3 18. dxe3 Rhc8 19. O-O Rc2 20. Ne4 Be7 21.
g4 g6 22. Rf2 Rbc8 23. Rxc2 Rxc2 24. g5 Bd8 25. b4 Bb6 26. Bd2 Nxe3 27. Kh1 Bd4
28. Re1 Nc4 29. Rc1 Rxd2 30. Nxd2 Nxd2 31. Kg2 Be3 32. Rc3 Bxg5 33. Ra3 f5 34.
Rxa7+ Kd6 35. b5 Be3 36. Rxh7 e4 37. fxe4 f4 38. Rh3 g5 39. Rxe3 fxe3 40. b6 Kd7
41. e5 Nc4 42. e6+ Kc6 43. e7 Nd6 44. Kf3 Kxb6 45. Kxe3 Nf5+ 46. Ke4 Nxe7 47.
Ke3 Ng6 48. Kf3 Nh4+ 49. Kg4 Kb5 50. h3 Kb4 51. Kxg5 Ng2 52. Kg4 Ka3 53. Kg3 Ne3 1/2-1/2

[Event "27th Czech Open A 2016"]
[Site "Pardubice CZE"]
[Date "2016.07.22"]
[Round "1.77"]
[White "Moehn, Hans"]
[Black "ter Stal, Rainer"]
[Result "0-1"]
[WhiteTitle "FM"]
[WhiteElo "2413"]
[BlackElo "2172"]
[WhiteFideId "24647837"]
[BlackFideId "12993603"]
[EventDate "2016.07.22"]

1. c4 f5 2. g3 Nf6 3. Bg2 g6 4. d3 Bg7 5. e4 fxe4 6. dxe4 e5 7. Ne2 d6 8. O-O
Be6 9. b3 Qd7 10. Nbc3 Nc6 11. f3 O-O 12. Be3 a6 13. Qd2 Rab8 14. Rfd1 Rfd8 15.
Rac1 Ne7 16. Nd5 c5 17. Bg5 Nexd5 18. exd5 Bh3 19. Nc3 Rf8 20. Rf1 b5 21. Bxf6
Bxf6 22. Ne4 Be7 23. Qh6 Bf5 24. Rfe1 Qd8 25. h4 Rf7 26. Qd2 h5 27. Kh2 Kh7 28.
Re2 Bxe4 29. Rxe4 Bf8 30. Qd3 Bh6 31. Rc2 Qf6 32. cxb5 axb5 33. a4 bxa4 34. bxa4
Rfb7 35. a5 Rb1 36. Ra2 Bf4 37. gxf4 Qxh4+ 38. Bh3 R8b3 39. Qe2 Rh1+ 40. Kxh1
Qxh3+ 41. Kg1 Qg3+ 42. Kf1 Rb1+ 43. Qe1 Qxf3+ 44. Kg1 Qxe4 0-1

[Event "27th Czech Open A 2016"]
[Site "Pardubice CZE"]
[Date "2016.07.22"]
[Round "1.78"]
[White "Yakimenko, Alexander A."]
[Black "Jansa, Vlastimil"]
[Result "1/2-1/2"]
[BlackTitle "GM"]
[WhiteElo "2171"]
[BlackElo "2411"]
[WhiteFideId "24141917"]
[BlackFideId "300128"]
[EventDate "2016.07.22"]

1. d4 Nf6 2. c4 g6 3. f3 Nc6 4. e4 e5 5. d5 Nd4 6. Ne2 Bc5 7. Nbc3 d6 8. Nxd4
Bxd4 9. Bd3 Nh5 10. Ne2 Bb6 11. h4 f5 12. Bg5 Qd7 13. Bd2 O-O 14. Qc2 c6 15.
O-O-O cxd5 16. cxd5 Qe7 17. Kb1 Bd7 18. Rc1 Rac8 19. Qb3 Rxc1+ 20. Bxc1 fxe4 21.
Bxe4 Nf6 22. Bg5 Qe8 23. Bxf6 Rxf6 24. g4 Ba4 25. Qd3 Qb5 26. Qxb5 Bxb5 27. Nc3
Be8 28. Ne2 Kg7 29. Nc3 h5 30. g5 Rf7 31. Kc2 Bd7 32. Kd2 Bd4 33. Ke2 a6 34. Bd3
Bxc3 35. bxc3 Rf4 36. c4 b5 37. cxb5 Bxb5 38. Bxb5 axb5 39. Rc1 Rxh4 40. Rc7+
Kf8 41. Rd7 Rh2+ 42. Ke3 Rg2 43. Rxd6 Rxg5 44. Rb6 h4 45. Rxb5 Rg2 46. d6 Ke8
47. Ke4 Kd7 48. Kd5 Rd2+ 49. Kxe5 Kc6 50. a4 h3 51. Rb8 Rd5+ 52. Kf4 h2 53. Rb1
Kxd6 1/2-1/2

[Event "27th Czech Open A 2016"]
[Site "Pardubice CZE"]
[Date "2016.07.22"]
[Round "1.79"]
[White "Stella, Andrea"]
[Black "Bit-Narva, David"]
[Result "1-0"]
[WhiteTitle "IM"]
[WhiteElo "2409"]
[BlackElo "2168"]
[WhiteFideId "827061"]
[BlackFideId "24128856"]
[EventDate "2016.07.22"]

1. Nf3 d6 2. d4 g6 3. e4 Bg7 4. Nc3 a6 5. a4 b6 6. Bg5 Nd7 7. h3 Bb7 8. Bc4 c6
9. O-O b5 10. Ba2 b4 11. Ne2 c5 12. Qd3 Qc7 13. c3 Ngf6 14. Ng3 bxc3 15. bxc3
O-O 16. Rfe1 e6 17. a5 Rfc8 18. Qd2 cxd4 19. cxd4 Qc2 20. Qb4 Nxe4 21. Nxe4 Bxe4
22. Bb1 Rab8 23. Bxc2 Rxb4 24. Bxe4 d5 25. Bd3 Bxd4 26. Nxd4 Rxd4 27. Bxa6 Ra8
28. Bb7 1-0

[Event "27th Czech Open A 2016"]
[Site "Pardubice CZE"]
[Date "2016.07.22"]
[Round "1.80"]
[White "Kulkarni, Vinayak"]
[Black "Makoto, Rodwell"]
[Result "0-1"]
[BlackTitle "IM"]
[WhiteElo "2168"]
[BlackElo "2406"]
[WhiteFideId "5021332"]
[BlackFideId "11000120"]
[EventDate "2016.07.22"]

1. d4 Nf6 2. c4 e6 3. Nc3 d5 4. cxd5 exd5 5. Bg5 Bb4 6. e3 Qd6 7. f3 O-O 8. Bd3
c5 9. Ne2 h6 10. Bh4 Re8 11. Bf2 cxd4 12. exd4 Nc6 13. O-O a6 14. Rc1 Nh5 15.
Bb1 Ne7 16. Qd2 Ba5 17. Ng3 Nf4 18. Rfe1 Bd7 19. a3 Neg6 20. Nf1 Bc6 21. Rxe8+
Rxe8 22. Re1 Rxe1 23. Bxe1 Bxc3 24. bxc3 Qxa3 25. Bg3 Qa1 26. Bc2 Bb5 27. Bd1 a5
28. Ne3 Ne2+ 29. Kf2 Qxc3 30. Qa2 Nc1 31. Qc2 Nd3+ 32. Kg1 Qxd4 33. Bf2 Nxf2 34.
Kxf2 Qh4+ 35. g3 Qxh2+ 36. Ng2 Bc4 37. Be2 Qh3 38. Bxc4 dxc4 39. Qxc4 Qd7 40.
Qa2 a4 41. Ne3 Qd4 42. Ke2 Ne5 43. Qc2 Nc6 44. Qc1 Qb4 45. Nc4 Qc5 46. Kd1 Qg1+
47. Kc2 Qf2+ 48. Nd2 Qxg3 49. Kb2 Qf4 50. Ka3 Qb4+ 51. Ka2 h5 52. f4 Qxf4 53.
Ka3 h4 54. Qc3 h3 55. Qxh3 Qb4+ 56. Ka2 Qxd2+ 57. Ka1 Qc1+ 0-1

[Event "27th Czech Open A 2016"]
[Site "Pardubice CZE"]
[Date "2016.07.22"]
[Round "1.81"]
[White "Yagupov, Igor"]
[Black "Moravec, Vit"]
[Result "1-0"]
[WhiteTitle "GM"]
[WhiteElo "2405"]
[BlackElo "2168"]
[WhiteFideId "4113632"]
[BlackFideId "331481"]
[EventDate "2016.07.22"]

1. e4 c5 2. Nf3 Nc6 3. d4 cxd4 4. Nxd4 g6 5. c4 Bg7 6. Be3 d6 7. Nc3 Nf6 8. Be2
Nxd4 9. Bxd4 O-O 10. O-O Bd7 11. b4 a5 12. a3 Rc8 13. f3 e5 14. Be3 Be6 15. Nd5
Nxd5 16. exd5 Bd7 17. c5 f5 18. Rc1 f4 19. Bf2 Qg5 20. Kh1 axb4 21. axb4 Bf5 22.
Bd3 e4 23. Bxe4 Bxe4 24. fxe4 f3 25. gxf3 Be5 26. Bg3 Bxg3 27. Rg1 Qe3 28. Rxg3
dxc5 29. d6 Qd4 30. Qxd4 cxd4 31. Rxc8 Rxc8 32. Rg5 Kf7 33. Rd5 Ke6 34. d7 Rd8
35. Rxd4 g5 36. Kg2 Rxd7 37. Rxd7 Kxd7 38. h4 1-0

[Event "27th Czech Open A 2016"]
[Site "Pardubice CZE"]
[Date "2016.07.22"]
[Round "1.82"]
[White "Wozniak, Mariola"]
[Black "Ivanov, Boris"]
[Result "1/2-1/2"]
[WhiteTitle "WIM"]
[BlackTitle "IM"]
[WhiteElo "2166"]
[BlackElo "2404"]
[WhiteFideId "1152050"]
[BlackFideId "4167643"]
[EventDate "2016.07.22"]

1. e4 b6 2. d4 Bb7 3. Nc3 e6 4. Nf3 Na6 5. Be2 c6 6. O-O Nc7 7. Re1 d6 8. Bf1
Ne7 9. Bf4 h6 10. h4 Qd7 11. Qd2 O-O-O 12. Rad1 g5 13. hxg5 Ng6 14. Be3 Qe8 15.
gxh6 f6 16. a4 Rd7 17. g3 Rdh7 18. Bg2 Bxh6 19. d5 Bxe3 20. Rxe3 cxd5 21. exd5
e5 22. Ne4 Qf8 23. c4 f5 24. Nc3 e4 25. Nd4 Ne5 26. b3 Ng4 27. Nxf5 Qxf5 28.
Rxe4 Nf6 29. Rf4 Qg6 30. Re1 Kb8 31. Qd4 Nh5 32. Rg4 Qf6 33. Qxf6 Nxf6 34. Rg6
Rh6 35. Rxh6 Rxh6 36. Nb5 Nxb5 37. axb5 Bc8 38. Be4 Nxe4 39. Rxe4 Bf5 40. Rf4
Bc2 41. Rf8+ Kc7 42. Rf3 Be4 43. Rf7+ Kd8 44. f3 Bc2 45. Rxa7 Bxb3 46. Ra8+ Kc7
47. Ra3 Bd1 48. Rd3 Be2 49. Re3 Bd1 50. Rd3 Be2 1/2-1/2

[Event "27th Czech Open A 2016"]
[Site "Pardubice CZE"]
[Date "2016.07.22"]
[Round "1.83"]
[White "Duzhakov, Ilya"]
[Black "Plesek, Jiri"]
[Result "1-0"]
[WhiteTitle "FM"]
[WhiteElo "2404"]
[BlackElo "2160"]
[WhiteFideId "4192516"]
[BlackFideId "305146"]
[EventDate "2016.07.22"]

1. d4 f5 2. Nc3 Nf6 3. Bg5 d5 4. f3 Nc6 5. Nh3 e6 6. Qd2 Be7 7. e3 O-O 8. Bb5
Na5 9. Bxf6 Bxf6 10. Nxd5 Bh4+ 11. g3 Qxd5 12. Be2 e5 13. gxh4 f4 14. e4 Qxd4
15. Qxd4 exd4 16. Nf2 Be6 17. O-O-O c5 18. Rhg1 Nc4 19. Rg5 b6 20. Rdg1 Rf7 21.
Ng4 Re7 22. Nf6+ Kh8 23. Nh5 Ne3 24. Nxg7 c4 25. Nh5 Nxc2 26. Kxc2 d3+ 27. Kd2
dxe2 28. Nxf4 c3+ 29. bxc3 Bxa2 30. Nxe2 a5 31. Nd4 a4 32. Rb5 Rb7 33. Rb4 a3
34. c4 Rc7 35. Kd3 Rac8 36. Ra1 Bxc4+ 37. Kd2 a2 38. Rxb6 Rd8 39. Ke3 Rcd7 40.
Nc2 Rd3+ 41. Kf4 Rd1 42. Rxd1 Rxd1 43. Rb8+ Kg7 44. Ra8 Rc1 45. Ne3 Bf7 46. Nf5+
Kg6 47. h5+ Kxh5 48. Ra6 1-0

[Event "27th Czech Open A 2016"]
[Site "Pardubice CZE"]
[Date "2016.07.22"]
[Round "1.84"]
[White "Brajdic, Danko"]
[Black "Roy, Prantik"]
[Result "0-1"]
[BlackTitle "IM"]
[WhiteElo "2159"]
[BlackElo "2403"]
[WhiteFideId "14508656"]
[BlackFideId "5035120"]
[EventDate "2016.07.22"]

1. Nf3 d5 2. g3 Nf6 3. Bg2 c6 4. O-O Bg4 5. d3 e6 6. Nbd2 Be7 7. e4 O-O 8. b3 a5
9. a3 Na6 10. Bb2 Rc8 11. Qe2 Qb6 12. Rab1 Rfe8 13. h3 Bxf3 14. Qxf3 Nd7 15.
Rfe1 Bf6 16. e5 Bg5 17. Nf1 Qc7 18. Nh2 f5 19. Qh5 Be7 20. Qe2 b5 21. Nf3 b4 22.
a4 c5 23. Bc1 Nab8 24. Bf4 Nc6 25. h4 Qd8 26. Rbd1 Nd4 27. Nxd4 cxd4 28. Rd2 Nf8
29. h5 Bg5 30. Bxg5 Qxg5 31. Kh2 f4 32. Kh3 fxg3 33. fxg3 Nd7 34. Rdd1 Rxc2 0-1

[Event "27th Czech Open A 2016"]
[Site "Pardubice CZE"]
[Date "2016.07.22"]
[Round "1.85"]
[White "Potapov, Alexander1"]
[Black "Slampa, Jan"]
[Result "1-0"]
[WhiteTitle "GM"]
[WhiteElo "2401"]
[BlackElo "2159"]
[WhiteFideId "4115074"]
[BlackFideId "332330"]
[EventDate "2016.07.22"]

1. d4 d5 2. c4 c6 3. Nc3 Nf6 4. Bf4 a6 5. e3 e6 6. c5 Be7 7. Nf3 O-O 8. h3 Re8
9. Bd3 Nbd7 10. O-O Bxc5 11. dxc5 e5 12. Nxe5 Nxe5 13. Bc2 Ng6 14. Bg3 Be6 15.
f4 Bd7 16. Qd4 Qe7 17. Rae1 Nh5 18. Bh2 f5 19. e4 dxe4 20. Nxe4 fxe4 21. Rxe4
Qf6 22. Qxd7 Rxe4 23. Bxe4 Rd8 24. Qc7 Qd4+ 25. Kh1 Nf8 26. Bf3 Qd3 27. Re1 Rd7
28. Qe5 Nf6 29. Bd1 h6 30. Bb3+ Kh7 31. Qe2 Qxe2 32. Rxe2 h5 33. f5 Rd3 34. Bc2
Rd5 35. g4 hxg4 36. hxg4 Nxg4 37. Bd6 Nd7 38. f6+ Kg8 39. Re8+ Kf7 40. Re7+ Kxf6
41. Rxd7 Ne3 42. Bb3 Rh5+ 43. Kg1 1-0

[Event "27th Czech Open A 2016"]
[Site "Pardubice CZE"]
[Date "2016.07.22"]
[Round "1.86"]
[White "Hrdina, Robin"]
[Black "Girish, A. Koushik"]
[Result "0-1"]
[BlackTitle "IM"]
[WhiteElo "2150"]
[BlackElo "2399"]
[WhiteFideId "339342"]
[BlackFideId "5038448"]
[EventDate "2016.07.22"]

1. b3 e5 2. Bb2 Nc6 3. e3 Nf6 4. Bb5 Bd6 5. Ne2 O-O 6. O-O a6 7. Bxc6 dxc6 8. f4
Qe7 9. fxe5 Bxe5 10. Bxe5 Qxe5 11. Na3 b5 12. c3 c5 13. Ng3 Bg4 14. Qe1 Rad8 15.
Qf2 h5 16. h3 h4 17. Nh1 Bc8 18. Rad1 Ne4 19. Qe2 Rd6 20. Nb1 Bxh3 21. Qf3 Bxg2 0-1

[Event "27th Czech Open A 2016"]
[Site "Pardubice CZE"]
[Date "2016.07.22"]
[Round "1.87"]
[White "Roubalik, Jakub"]
[Black "Lagashin, Pavel"]
[Result "1-0"]
[WhiteElo "2397"]
[BlackElo "2148"]
[WhiteFideId "322237"]
[BlackFideId "24132144"]
[EventDate "2016.07.22"]

1. d4 d5 2. c4 e5 3. dxe5 d4 4. Nf3 Nc6 5. a3 Nge7 6. Nbd2 Ng6 7. Nb3 Be7 8.
Nbxd4 Ncxe5 9. Nxe5 Nxe5 10. e3 c5 11. Nb5 Qxd1+ 12. Kxd1 O-O 13. f3 Be6 14. Nc7
Rad8+ 15. Kc2 Bxc4 16. Bxc4 Nxc4 17. e4 Bf6 18. Nd5 Bd4 19. Rb1 Rfe8 20. b3 Ne5
21. Bf4 f5 22. Nc7 fxe4 23. Nxe8 Rxe8 24. fxe4 Ng6 25. Bg3 Rxe4 26. Rhe1 Rg4 27.
Re8+ Kf7 28. Rb8 h5 29. Rf1+ Ke6 30. Re1+ Kf6 31. Re2 b6 32. Rb7 h4 33. Bc7 Nf4
34. Bxf4 Rxf4 35. Rxa7 h3 36. Ra6 c4 37. bxc4 hxg2 38. Rxg2 Rf3 39. Rg3 Rf2+ 40.
Kd3 Bc5 41. h3 Ke5 42. Ra8 Kf4 43. Rg4+ Kf5 44. Rxg7 Rf3+ 45. Kc2 Rxh3 46. a4
Rh2+ 47. Kd3 Rh3+ 48. Ke2 Rh2+ 49. Kf3 Rf2+ 50. Kg3 Rc2 51. a5 Bd6+ 52. Kf3 Rc3+
53. Ke2 bxa5 54. Rxa5+ Ke4 55. Ra4 Bc5 56. Rg4+ Kf5 57. Rh4 Re3+ 58. Kd2 Kg5 59.
Rh7 Re5 60. Rf7 Kg6 61. Rf3 Kg5 62. Ra8 Kg4 63. Rf7 Be3+ 64. Kd3 Bf4 65. Rg8+
Kf3 66. Rgf8 Re3+ 67. Kd4 Re4+ 68. Kc5 1-0

[Event "27th Czech Open A 2016"]
[Site "Pardubice CZE"]
[Date "2016.07.22"]
[Round "1.88"]
[White "Boes, Julian"]
[Black "Kantsler, Boris"]
[Result "0-1"]
[BlackTitle "GM"]
[WhiteElo "2146"]
[BlackElo "2395"]
[WhiteFideId "12907723"]
[BlackFideId "2805359"]
[EventDate "2016.07.22"]

1. e4 c5 2. b3 b6 3. Bb2 Bb7 4. Nc3 Nc6 5. Nf3 e6 6. d4 cxd4 7. Nxd4 Nf6 8. Nxc6
Bxc6 9. e5 Nd5 10. Ne4 Ne3 11. Qd3 Nxf1 12. Kxf1 Qh4 13. Re1 Be7 14. Re3 O-O 15.
Nd6 Qh5 16. Rh3 Qg6 17. Qxg6 fxg6 18. Rd3 g5 19. h3 b5 20. f3 a5 21. a3 b4 22.
a4 Bxd6 23. Rxd6 Be4 24. Rxd7 Bxc2 25. Ke2 Bxb3 26. Ra1 Rfc8 27. Rd2 Rc6 28. Bd4
Rac8 29. Ke3 h6 30. g3 Kh7 31. f4 gxf4+ 32. gxf4 Rd8 33. Rb1 Bc2 34. Rc1 b3 35.
Bb2 Rxd2 36. Kxd2 Rc4 37. f5 exf5 38. Rg1 g5 39. Re1 Re4 40. Rxe4 Bxe4 41. Bc3
f4 42. Kc1 f3 43. Bd4 Bc6 44. Kb2 Bxa4 45. Ka3 Kg6 46. e6 h5 47. e7 Kf7 48. Bc5
g4 49. hxg4 hxg4 0-1

[Event "27th Czech Open A 2016"]
[Site "Pardubice CZE"]
[Date "2016.07.22"]
[Round "1.89"]
[White "Lomasov, Semen"]
[Black "Adamowicz, Katarzyna"]
[Result "1-0"]
[WhiteTitle "FM"]
[BlackTitle "WFM"]
[WhiteElo "2395"]
[BlackElo "2145"]
[WhiteFideId "24164879"]
[BlackFideId "1134043"]
[EventDate "2016.07.22"]

1. e4 e5 2. Nf3 Nc6 3. d4 exd4 4. Nxd4 Nf6 5. Nxc6 bxc6 6. e5 Qe7 7. Qe2 Nd5 8.
c4 Ba6 9. Nd2 g6 10. Nf3 Bg7 11. Bg5 Qb4+ 12. Qd2 Qxd2+ 13. Bxd2 Nb6 14. b3 d6
15. O-O-O O-O 16. exd6 cxd6 17. Bf4 d5 18. cxd5 Bxf1 19. Rhxf1 Nxd5 20. Be5 Rfe8
21. Bxg7 Kxg7 22. Rfe1 Rxe1 23. Nxe1 a5 24. a3 Re8 25. Nf3 Kf6 26. Rd2 Rc8 27.
Rd4 Nb6 28. Kc2 Ke7 29. Re4+ Kd6 30. Ng5 f5 31. Nf7+ Kd5 32. Re5+ Kd4 33. Rxa5
Re8 34. Kd2 c5 35. Ng5 h6 36. Nf3+ Kd5 37. Ne1 Kd4 38. Ra6 Re6 39. Nc2+ Ke4 40.
f3+ Kf4 41. Kc1 g5 42. a4 Rd6 43. a5 Nc8 44. Rxd6 Nxd6 45. a6 Nb5 46. Kd2 Ke5
47. Kd3 Kd5 48. Ne3+ Kc6 49. Nxf5 h5 50. Ng3 h4 51. Ne4 Nd4 52. a7 1-0

[Event "27th Czech Open A 2016"]
[Site "Pardubice CZE"]
[Date "2016.07.22"]
[Round "1.90"]
[White "Anurag, Mhamal"]
[Black "Niraj, Saripalli"]
[Result "1-0"]
[WhiteTitle "IM"]
[WhiteElo "2392"]
[BlackElo "2140"]
[WhiteFideId "5024366"]
[BlackFideId "5045657"]
[EventDate "2016.07.22"]

1. Nf3 g6 2. d4 Bg7 3. e4 c5 4. dxc5 Qa5+ 5. c3 Qxc5 6. Be3 Qc7 7. Na3 Nc6 8.
Nb5 Qb8 9. Bc4 Nf6 10. e5 Nxe5 11. Nxe5 Qxe5 12. Qd4 Ne4 13. Nc7+ 1-0

[Event "27th Czech Open A 2016"]
[Site "Pardubice CZE"]
[Date "2016.07.22"]
[Round "1.91"]
[White "Cocconcelli, Lorenzo"]
[Black "Batchimeg, Tuvshintugs"]
[Result "0-1"]
[BlackTitle "IM"]
[WhiteElo "2144"]
[BlackElo "2391"]
[WhiteFideId "868752"]
[BlackFideId "4900839"]
[EventDate "2016.07.22"]

1. d4 Nf6 2. c4 g6 3. g3 c6 4. Bg2 d5 5. cxd5 cxd5 6. Nf3 Bg7 7. O-O O-O 8. Nc3
Nc6 9. Ne5 Nxe5 10. dxe5 Ng4 11. Nxd5 Nxe5 12. Bg5 Nc6 13. Nxe7+ Nxe7 14. Qxd8
Rxd8 15. Bxe7 Re8 16. Ba3 Rxe2 17. Rfd1 Re8 18. Bd5 Bg4 19. Re1 Red8 20. Bb3 Rd7
21. Kg2 h5 22. h3 Bf5 23. Rad1 Rad8 24. Rxd7 Rxd7 25. Rd1 Rxd1 26. Bxd1 Bb1 27.
Bf3 b5 28. Bc6 a6 29. Bc5 Bxb2 30. a4 bxa4 31. Bxa4 Kg7 32. Kf3 Kf6 33. Bc6 Bc2
34. Ke3 a5 35. Bd4+ Bxd4+ 36. Kxd4 a4 37. Kc3 Bb3 38. Kb4 Ke5 39. f4+ Kd4 40. g4
h4 41. Bd7 Ke4 42. f5 g5 43. Bb5 Kf3 44. Bf1 Kf2 0-1